00341nam a2200109Ia 4500008004100000082001500041100002700056245002200083260004200105630001800147650006600165211109s9999||||xx |||||||||||||| ||und|| a821bGOL-P aGoldsmith, Dr Olivet,  0aPoetical Works Of bOxford University PressaBombayc1900 xGeneral Stack aEnglish & Old English literaturesvEnglish poetryxLiterature